| 000 | 01183nam a22002297a 4500 | ||
|---|---|---|---|
| 008 | 171129s1996 sp||||| |||| 00| 0 spa d | ||
| 020 | _a8489569045 | ||
| 082 | 0 | 4 |
_a709.8 _bS949a |
| 100 | 1 |
_aSullivan, Edward. _92532 |
|
| 245 | 1 | 5 |
_aArte Latinoamericano del siglo XX / _ceditado por Edward Sullivan. |
| 250 | _a1a edición. | ||
| 260 |
_aMadrid, España : _bPhaidon Press Limited, _c1996. |
||
| 300 |
_a352 páginas : _bilustraciones en color. |
||
| 505 | 0 |
_tMéxico _rTeresa del Conde. _tAmérica Central _rMónica Kupfer. _tCuba _rGiulio Blac y Gerardo Mosquera. _tRepública Dominicana _rJeannette Miller. _tPuerto Rico _rEnrique García-Gutiérrez. _tVenezuela _rRina Carvajal. _tColombia _rIvonne Pini. _tEcuador _rLenín Oña. _tPerú _rNatalia Majluf. _tBrasil _rIvo Mesquita. _tBolovia _rPedor Querejazu. _tParaguay _rTicio Escobar. _tUruguay _rAlicia Haber. _tArgentina _rMarcelo Pacheco. _tChile _rMilan Ivelic. _tArte chicano _rVictor Zamudio-Taylor. |
|
| 653 | 1 | 0 | _aArte contemporáneo |
| 653 | 1 | 0 | _aArte Latinoamericano - Historia |
| 653 | 1 | 0 | _aArtistas latinoamericanos |
| 653 | 1 | 0 | _aEnsayos |
| 653 | 1 | 0 | _aInvestigación artística |
| 653 | 1 | 0 | _aCultura popular |
| 653 | 1 | 0 | _aArtes visuales |
| 999 |
_c1376 _d1376 |
||